A Trencsénvármegyei Muzeum-egyesület értesitője

Bibliographic Details
Format: Serial
Language:Hungarian
Published: Trencsén Gansel Lipót [1914]
Subjects:

MARC

LEADER 00000cas a2200000 a 4500
001 vtls009360251
003 SK-MaSNL
005 20260228163618.0
008 081112d191u191uxo |r 0 0hun
040 |a SNK  |b slo  |c SNK  |e AACR2 
041 0 |a hun 
043 |a e-xo--- 
044 |a xo  |c SK 
072 7 |a 069  |x Múzeá. Muzeológia. Múzejníctvo. Výstavy  |2 konspekt 
080 |a 069(1-24)  |2 2011 
080 |a 050  |2 2011 
080 |a (051)  |2 2011 
080 |a 437.641  |2 2011 
245 0 0 |a A Trencsénvármegyei Muzeum-egyesület értesitője 
260 |a Trencsén  |b Gansel Lipót  |c [1914] 
500 |a Popis podľa : 1914 
650 0 7 |a regionálne múzeá  |2 SNKPH  |9 73606 
651 7 |a Trenčín (Slovensko)  |2 SNKPHgeo  |9 159956 
655 7 |a časopisy  |2 SNKPH  |9 76610 
910 |a snk 
999 |c 10002  |d 11932 
952 |0 0  |1 0  |4 0  |7 0  |a SNK  |b SNK  |d 2008-11-12  |i snk 567/54  |l 0  |o snkČSB 766/1914  |p 17A0603968  |r 2026-02-21 21:01:42  |w 2026-02-21  |y PREZ 
952 |0 0  |1 0  |4 0  |7 0  |8 5  |a SNK  |b SNK  |d 2014-05-13  |i snkF 968/72  |l 0  |o snkČSB 766/1914 D1  |p 17A1075520  |r 2026-02-21 21:03:21  |w 2026-02-21  |y PREZ